Vibraciones y ondas
-д хадгалсан:
| Үндсэн зохиолч: | |
|---|---|
| Формат: | Ном |
| Хэл сонгох: | испани |
| Хэвлэсэн: |
Barcelona
Reverté
1982
|
| Нөхцлүүд: | |
| Шошгууд: |
Шошго нэмэх
Шошго байхгүй, Энэхүү баримтыг шошголох эхний хүн болох!
|
MARC
| LEADER | 00000nam a2200000 a 4500 | ||
|---|---|---|---|
| 001 | UCV4025 | ||
| 003 | CL-VaPUC | ||
| 008 | 890417e19820000SP |||||||||||||||||spa|d | ||
| 082 | 0 | 4 | |a 531.3 |b FRE |2 21 |
| 100 | 0 | |a French, Anthony Phillip |e author |9 298398 | |
| 245 | 1 | 0 | |a Vibraciones y ondas |
| 300 | |a 356 p | ||
| 942 | |c BK | ||
| 945 | |d 19890417 00:00:00 | ||
| 260 | |a Barcelona |b Reverté |c 1982 | ||
| 650 | 0 | |a Vibración |9 260216 | |
| 650 | 0 | |a Ondas |9 260165 | |
| 583 | |a last modification |c 20171031 11:00:27 |k Rodrigo Vera | ||
| 999 | |c 211065 |d 211063 | ||
| 952 | |0 0 |1 0 |2 ddc |4 0 |6 531_300000000000000_FRE_1982 |7 0 |8 CCM |9 188772 |a BIBCUR |b BIBCUR |c PAC |d 2019-11-14 |i 2563266 |o 531.3 FRE 1982 |p 2563266 |r 2025-04-22 |w 2019-11-14 |y BK |k CIM | ||